Statistiques concernant N° 1 du Top 50 en 1989

Cliquez ici pour prendre le quiz!

Statistiques générales

  • Ce quiz a été pris 31 fois
  • Le résultat moyen est 5 sur 8

Statistiques - réponses

HintRéponse% Correct
HélèneRoch Voisine
89%
Pour toi ArménieCharles Aznavour et divers artistes
86%
LambadaKaoma
86%
Cœur de LoupPhilippe Lafontaine
75%
Swing the moodJive Bunny and
The Mastermixers
64%
Johnny, Johnny come homeAvalanche
50%
HighDavid Hallyday
46%
MegamixBoney M
39%

Distribution des résultats

Percentile par nombre de réponses

% des personnes avec chaque résultat

Votre développement - résultats

Vous n’avez pas pris ce quiz